000
00300nam a2200133Ia 4500
003
OSt
005
20230727054759.0
008
170524s9999 xx 000 0 und d
040
_c
IIMT UNIVERSITY
100
_a
DWIVEDI- DN
245
0
_a
PRINCIPLES OF ECONOMICS
260
_b
HIMALAYA
942
_2
ddc
_c
02
999
_c
8032
_d
8032